header

The early stages of creolization (Record no. 217268)

MARC details
000 -LEADER
fixed length control field 02221nam a2200361 a 4500
082 04 - DEWEY DECIMAL CLASSIFICATION NUMBER
Classification number 417/.22
245 04 - TITLE STATEMENT
Title The early stages of creolization
260 ## - PUBLICATION, DISTRIBUTION, ETC. (IMPRINT)
Place of publication Amsterdam ;
-- Philadelphia :
Name of publisher J. Benjamins,
Year of publication c1995.
300 ## - PHYSICAL DESCRIPTION
Number of Pages xv, 297 p. :
Other physical details ill.
490 1# - SERIES STATEMENT
Series statement Creole language library,
505 0# - FORMATTED CONTENTS NOTE
Formatted contents note Some developmental inferences from the historical studies of pidgins and creoles / Philip Baker -- Eighteenth-century Negerhollands reflexives revisted / Hein van der Voort and Pieter Muysken -- Early creole writing and its effects on the discovery of creole language structure : the case of eighteenth-century Negerhollands / Peter Stein -- The Negerhollands word sender in eighteenth-century manuscripts / Frans Hinskens and Cefas van Rossem -- Early Bajan : creole or non-creole? / Linda Fields -- The emergence of taki as a complementizer in Sranan : on substrate influence, universals, and gradual Creolization / Ingo Plag -- Relative clauses in early Sranan / Adrienne Bruyn -- The demographics of creole genesis in the Caribbean : a comparison of Martinique and Haiti / John Victor Singler -- Demographic factors in the formation of Sranan / Jacques Arends.
650 #0 - SUBJECT ADDED ENTRY--TOPICAL TERM
Topical Term Creole dialects
700 1# - ADDED ENTRY--PERSONAL NAME
Personal name Arends, Jacques.
856 40 - ELECTRONIC LOCATION AND ACCESS
Uniform Resource Identifier http://site.ebrary.com/lib/rucke/Doc?id=10509439

No items available.

© 2026 Rongo University
Contact us: librarian | system librarian | Rongo university